000 00307nam a2200133Ia 4500
008 191201s2005 xx 000 0 und d
100 _aTARAFDER, S K
245 0 _aHow to Face Interviews
250 _a2nd
260 _aN.Delhi
_bUBSPD,
_c2005
300 _a194
650 _aGeneral Books
942 _2ddc
_cBK
999 _c2113
_d2113